LEADER 00856nam a2200217 i 4500 001 000000155646 003 CaOOAMICUS 005 20190624102940.0 008 061116s1940 it u000 u ita u 013 $a133000 040 $aSeMil$bita 245 10$a6: 1830-1837. 300 $a361 p. 700 1 $aLeopardi, Giacomo,$d<1798-1837>.$0(OLS)http://semarc/name/1218 700 1 $aMoroncini, Francesco.$0(OLS)http://semarc/name/7745 773 0 $aLeopardi, Giacomo <1798-1837>$tEpistolario di Giacomo Leopardi.$bNuova edizione ampliata con lettere dei corrispondenti e con note illustrative.$dFirenze : Le Monnier, 1934-1941.$w()16846 850 $aSeMil 852 $aSeMil$W1$xVenegono$y1$m1E I 49$j107477$B107477$CSeMilBibl$Z2$F116954 $81 961 $aRecupero: Altro 996 $6245$a6: 1830-1837$9(OLS)http://semarc/title/227994 LEADER 00817nab a2200133 i 4500 001 000000327241 003 CaOOAMICUS 005 20180831173537.0 008 180831n it uu u0 0ita r 013 $a38436 040 $aSeMil$bita 245 10$aComunità Propedeutica e del Biennio Teologico. Gli Oratori estivi, grande palestra di relazioni. Al centro il tema del viaggio come metafora dell'esistenza umana. Tabiago. - In [rubrica] :$bNotizie dal Seminario. 773 0 $t«Preti a servizio di tutto il popolo di Dio». - 32 p. - Titolo dalla copertina.$gp.23$w()289418 996 $6245$aComunità Propedeutica e del Biennio Teologico. Gli Oratori estivi, grande palestra di relazioni. Al centro il tema del viaggio come metafora dell'esistenza umana. Tabiago. - In [rubrica] :$bNotizie dal Seminario.$9(OLS)http://semarc/title/415872